Нормален изглед
MARC изглед
- Държ. к-т за наука и техн. прогрес. ЦИНТИ
Вход 02. Организация (Колективен автор)
001 - Контролен номер на записа
- Контролно поле: 388198
003 - Код на организацията, даваща контролен номер
- Контролно поле: BLK
005 - Дата и час на последна промяна на записа
- Контролно поле: 20180422122245.0
008 - Данни с фиксирана дължина – обща информация
- Данни с фиксирана дължина : 180422|| aca||aabn | a|a d
110 ## - НАИМЕНОВАНИЕ НА КОЛЕКТИВЕН ОРГАН -ПЪРВИЧНА ИНТЕЛЕКТУАЛНА ОТГОВОРНОСТ
- Название на организация или юридическо име като основно описание: Държ. к-т за наука и техн. прогрес. ЦИНТИ
- Ключова дума за отношение: Ред. кол. : Л. Дачева и др.
942 ## - Системна служебна употреба
- Koha auth type: CORPO_NAME